|
|
|
|
| LEADER |
00000nab a2200000 a 4500 |
| 001 |
vtls000753043 |
| 003 |
SK-MaSNL |
| 005 |
20260304204050.0 |
| 008 |
180206c2001 xo 0 slo |
| 015 |
|
|
|a SNBRB2001/04-11034
|
| 035 |
|
|
|a CLN000104830
|
| 040 |
|
|
|a SNKBUCL
|b slo
|c SNKBUCL
|e AACR2
|
| 041 |
0 |
|
|a slo
|
| 044 |
|
|
|a xo
|c SK
|
| 080 |
|
|
|a 328.1(437.6)
|2 UDC-MRF-SK2
|
| 100 |
1 |
|
|a Wagnerová, Ružena
|4 ain
|9 222077
|
| 245 |
1 |
0 |
|a Právo je umenie dobrého a spravodlivého
|b "kvalitu musíme stíhať v skrátenom čase", hovorí vicepremiér Ľ. Fogaš
|c zhovárala sa Ružena Wagnerová
|
| 300 |
|
|
|b Fotogr.
|
| 610 |
|
7 |
|a Slovensko.
|b Vláda
|x legislatíva
|2 snkbucl
|9 864448
|
| 650 |
0 |
7 |
|a legislatíva
|z Slovensko
|2 snkbucl
|9 566342
|
| 655 |
|
7 |
|a články z novín a časopisov
|2 snkbucl
|9 267496
|
| 700 |
1 |
|
|a Fogaš, Ľubomír,
|d 1950-
|4 aut
|4 uin
|9 133725
|
| 773 |
0 |
|
|t Verejná správa
|g Roč. 56, č. 6 (2001), s. 2-4
|
| 850 |
|
|
|a Slovenská národná knižnica v Martine
|
| 852 |
|
|
|a SNK
|b KIS3GCP
|
| 958 |
|
|
|a RBX
|
| 999 |
|
|
|c 3114097
|d 3116027
|